Nhân vật Tùy Đường T.2
v...v
Đã lưu trong:
| Tác giả chính: | |
|---|---|
| Định dạng: | Sách |
| Ngôn ngữ: | Vietnamese |
| Năm xuất bản: |
H.
Văn học
|
| Chủ đề: | |
| Tags: |
Thêm thẻ
Không có thẻ, Hãy là người đầu tiên gắn thẻ bản ghi này!
|
| LEADER | 01390cam a2200349 a 4500 | ||
|---|---|---|---|
| 001 | 4468463 | ||
| 005 | 20161012153952.0 | ||
| 008 | 960217s1966 vm b b f000 0bvie | ||
| 040 | |a DLC |c DLC |d DLC | ||
| 042 | |a lcode | ||
| 043 | |a a-vt--- | ||
| 050 | 0 | 0 | |a DS556.73.Q35 |b N59 1966 |
| 082 | |a 895.13 |b NG450NG | ||
| 100 | 1 | |a Ngô Nguyên Phi | |
| 245 | 1 | 0 | |a Nhân vật Tùy Đường |c Ngô Nguyên Phi |n T.2 |
| 260 | |a H. |b Văn học | ||
| 300 | |a 318 tr. |c 19 cm | ||
| 520 | |a v...v | ||
| 600 | 0 | 0 | |a Quang Trung, |c King of Vietnam |d 1752-1792. |
| 650 | 0 | |a Military art and science |x Vietnam |x History. | |
| 651 | 0 | |a Vietnam |x History |y 1787-1858. | |
| 651 | 0 | |a Vietnam |x Kings and rulers |x Biography. | |
| 653 | |a Văn học | ||
| 653 | |a Trung Quốc | ||
| 653 | |a Truyện kể lịch sử | ||
| 700 | 1 | |a Ngô Nguyên Phi | |
| 906 | |a 7 |b cbc |c origode |d 3 |e ncip |f 19 |g y-gencatlg | ||
| 942 | |2 ddc |c STK0 | ||
| 955 | |a wj07; yk06 12-27-96; yk07/yk02 01-02-97; yk10 01-21-97 | ||
| 999 | |c 2672 |d 2672 | ||
| 952 | |0 0 |1 0 |2 ddc |4 0 |6 895_130000000000000_NG450NG |7 1 |8 800 |9 32908 |a qbu |b qbu |c D5 |d 2014-12-14 |g 21500 |o 895.13 NG450NG |p 4246.C1 |r 0000-00-00 |w 2014-12-14 |y STK0 |0 0 |6 895_130000000000000_NG450NG | ||
| 952 | |0 0 |1 0 |2 ddc |4 0 |6 895_130000000000000_NG450NG |7 0 |8 800 |9 32909 |a qbu |b qbu |c D5 |d 2014-12-14 |g 21500 |l 1 |o 895.13 NG450NG |p 4246.C2 |r 2015-01-12 |s 2015-01-12 |w 2014-12-14 |y STK0 |0 0 |6 895_130000000000000_NG450NG | ||